[Event "Berlin-ch Seniors op 31st"]
[Site "Berlin"]
[Date "2015.02.04"]
[Round "6"]
[White "Dombrowsky, Michael"]
[Black "Yankulin, Vladislav"]
[Result "0-1"]
[WhiteElo "1963"]
[BlackElo "1815"]
[PlyCount "66"]
[EventDate "2015.01.29"]
[EventType "swiss"]
[EventRounds "9"]
[EventCountry "GER"]
[SourceTitle "EXT 2018"]
[Source "ChessBase"]
[SourceDate "2017.10.13"]
[SourceVersion "1"]
[SourceVersionDate "2017.10.13"]
[SourceQuality "1"]

1. e4 e5 2. Nf3 Nc6 3. Nc3 Bc5 4. Nxe5 Bxf2+ 5. Kxf2 Nxe5 6. d4 Qf6+ 7. Kg1 Ng6 8. Nd5 Qc6 9. Bd3 N8e7 10. Nxe7 Nxe7 11. Qg4 d5 12. Qxg7 Rg8 13. Qe5 Be6 14. c3 0-0-0 15. Qf4 Ng6 16. Qe3 dxe4 17. Bxe4 Bd5 18. Bxd5 Qxd5 19. Qh3+ Kb8 20. Kf2 Nh4 21. Rg1 Qe4 22. Be3 Qc2+ 23. Kf1 Rde8 24. Re1 Re4 25. Re2 Qd3 26. Kf2 Rg6 27. Rge1 Rxg2+ 28. Kf1 b6 29. Qxg2 Nxg2 30. Kxg2 Rg4+ 31. Kf1 f5 32. Kf2 Qe4 33. Bc1 Rg2+ 0-1

[Event "Berlin-ch Seniors op 30th"]
[Site "Berlin"]
[Date "2014.02.05"]
[Round "7"]
[White "Fitzke, Ulrich"]
[Black "Dombrowsky, Michael"]
[Result "0-1"]
[WhiteElo "1803"]
[BlackElo "1981"]
[PlyCount "116"]
[EventDate "2014.01.30"]
[EventType "swiss"]
[EventRounds "9"]
[EventCountry "GER"]
[SourceTitle "EXT 2018"]
[Source "ChessBase"]
[SourceDate "2017.10.13"]
[SourceVersion "1"]
[SourceVersionDate "2017.10.13"]
[SourceQuality "1"]

1. d4 d5 2. c4 e6 3. Nc3 b6 4. e3 Bb7 5. Nf3 Nd7 6. Bd3 dxc4 7. Bxc4 Ngf6 8. 0-0 Be7 9. Qe2 0-0 10. Ba6 Bxa6 11. Qxa6 c5 12. b3 cxd4 13. Nxd4 Nc5 14. Qe2 Rc8 15. Bb2 Bd6 16. Rfd1 Qe7 17. Rac1 Rfd8 18. Qf3 Qe8 19. Ndb5 Bb8 20. Rxd8 Rxd8 21. Rd1 a6 22. Rxd8 Qxd8 23. Nd4 Qd6 24. g3 Nd3 25. Ba1 h5 26. Qc6 Qxc6 27. Nxc6 Bd6 28. Ne2 Ne4 29. f4 f6 30. Bd4 Bc7 31. Ne7+ Kf7 32. Nc8 b5 33. Bb6 Bxb6 34. Nxb6 Nb4 35. a4 e5 36. axb5 axb5 37. Nc8 Nc6 38. Nc1 Ke6 39. Kg2 Kd7 40. Nb6+ Kc7 41. Nd5+ Kd6 42. Nb6 Kc5 43. Nd7+ Kb4 44. fxe5 fxe5 45. Nd3+ Kxb3 46. N3xe5 Nxe5 47. Nxe5 Kc3 48. Kf3 Ng5+ 49. Ke2 b4 50. Kd1 Ne4 51. g4 Nf2+ 52. Kc1 Nxg4 53. Nxg4 hxg4 54. e4 Kd4 55. e5 Kxe5 56. Kc2 Kf4 57. Kb3 Kf3 58. Kxb4 Kg2 0-1

[Event "Berlin-ch Seniors op 30th"]
[Site "Berlin"]
[Date "2014.01.30"]
[Round "1"]
[White "Kranch, Klaus"]
[Black "Dombrowsky, Michael"]
[Result "0-1"]
[WhiteElo "1593"]
[BlackElo "1981"]
[PlyCount "108"]
[EventDate "2014.01.30"]
[EventType "swiss"]
[EventRounds "9"]
[EventCountry "GER"]
[SourceTitle "EXT 2018"]
[Source "ChessBase"]
[SourceDate "2017.10.13"]
[SourceVersion "1"]
[SourceVersionDate "2017.10.13"]
[SourceQuality "1"]

1. c4 e5 2. Nc3 d6 3. g3 g6 4. Bg2 Bg7 5. e3 f5 6. Nge2 Nf6 7. 0-0 0-0 8. f4 c6 9. d4 e4 10. d5 Na6 11. Nd4 Qc7 12. Re1 Nc5 13. Bf1 a5 14. Rb1 Qb6 15. a3 a4 16. b4 axb3 17. Nxb3 Nxb3 18. Rxb3 Qc7 19. Bb2 Nd7 20. Nb1 Nc5 21. Bxg7 Qxg7 22. Rb4 Rd8 23. Qd2 Qf6 24. Rd1 Kf7 25. Qd4 Ke7 26. Kf2 Bd7 27. Qxf6+ Kxf6 28. Rb2 Ke7 29. Be2 Ra6 30. h3 Bc8 31. Kg2 Na4 32. Rb3 Rb6 33. Rxb6 Nxb6 34. Nc3 Kd7 35. g4 Kc7 36. g5 Bd7 37. h4 Ra8 38. Ra1 c5 39. Kf2 Ba4 40. Rc1 Be8 41. Nb1 Ra6 42. Ke1 Na4 43. Kd2 Rb6 44. Bd1 Nb2 45. Be2 Rb3 46. Rh1 Nd3 47. Bxd3 Rxd3+ 48. Ke2 Rb3 49. Kd2 Rb2+ 50. Kc3 Re2 51. Rh3 Kb6 52. Kb3 Ka5 53. Nc3 Rd2 54. Nb1 Ba4+ 0-1

[Event "Vienna Husek op-A"]
[Site "Vienna"]
[Date "2012.08.16"]
[Round "4"]
[White "Dombrowsky, Michael"]
[Black "Chernukhin, Alexander"]
[Result "0-1"]
[WhiteElo "2120"]
[BlackElo "2022"]
[PlyCount "47"]
[EventDate "2012.08.13"]
[EventType "swiss"]
[EventRounds "7"]
[EventCountry "AUT"]
[SourceTitle "EXT 2014"]
[Source "ChessBase"]
[SourceDate "2013.11.20"]
[SourceVersion "1"]
[SourceVersionDate "2013.11.20"]
[SourceQuality "1"]

1. e4 d5 2. exd5 Nf6 3. d4 Nxd5 4. c4 Nb6 5. c5 Nd5 6. Nc3 c6 7. Bc4 Be6 8. Qb3 b5 9. Nxb5 cxb5 10. Bxb5+ Bd7 11. Qxd5 Bxb5 12. Qxa8 Bc6 13. Qxa7 Bxg2 14. Ne2 Bxh1 15. Bd2 Bf3 16. Bc3 e6 17. b4 Be7 18. b5 0-0 19. Qa4 Qd5 20. Ng3 Bg4 21. Qc2 Qc4 22. Rb1 Bf5 23. Nxf5 exf5 24. Qe2 0-1

[Event "Nuremberg Zabo op 13th"]
[Site "Nuremberg"]
[Date "2011.09.17"]
[Round "3"]
[White "Miller, Eduard"]
[Black "Dombrowsky, Michael"]
[Result "1-0"]
[WhiteElo "2153"]
[BlackElo "1979"]
[PlyCount "39"]
[EventDate "2011.09.16"]
[EventType "swiss"]
[EventRounds "5"]
[EventCountry "GER"]
[SourceTitle "EXT 2013"]
[Source "ChessBase"]
[SourceDate "2012.11.22"]
[SourceVersion "1"]
[SourceVersionDate "2012.11.22"]
[SourceQuality "1"]

1. d4 e6 2. c4 d5 3. Nf3 b6 4. Nc3 Bb7 5. cxd5 exd5 6. g3 a6 7. Bg2 Nf6 8. 0-0 Nbd7 9. Bf4 Be7 10. Rb1 0-0 11. b4 Ne4 12. Qb3 Ndf6 13. Rfc1 Bd6 14. Ne5 g5 15. Be3 h6 16. Nxe4 Nxe4 17. Nc6 Qe8 18. Qxd5 Nf6 19. Qf5 Kg7 20. Bxg5 1-0

[Event "Berlin-ch Seniors op 27th"]
[Site "Berlin"]
[Date "2011.02.02"]
[Round "5"]
[White "Dombrowsky, Michael"]
[Black "Zum Winkel, Wolfgang"]
[Result "0-1"]
[WhiteElo "2000"]
[BlackElo "1829"]
[PlyCount "116"]
[EventDate "2011.01.29"]
[EventType "swiss"]
[EventRounds "9"]
[EventCountry "GER"]
[SourceTitle "EXT 2012"]
[Source "ChessBase"]
[SourceDate "2011.11.24"]
[SourceVersion "1"]
[SourceVersionDate "2011.11.24"]
[SourceQuality "1"]

1. e4 d6 2. g3 Nf6 3. Bg2 e5 4. Ne2 Be7 5. 0-0 0-0 6. h3 d5 7. exd5 Nxd5 8. b3 c6 9. Bb2 Bf6 10. Nbc3 Nxc3 11. Nxc3 Bf5 12. Ne4 Bxe4 13. Bxe4 Qb6 14. Qg4 g6 15. a4 Bg7 16. a5 Qd8 17. Qe2 Qd7 18. Bg2 Re8 19. Qc4 Qe6 20. Ra4 Na6 21. Re1 Qxc4 22. Rxc4 Rad8 23. d3 Re6 24. h4 Rde8 25. Bc1 Nc7 26. Rb4 Rb8 27. Be3 Na6 28. Rc4 Ra8 29. c3 Nc7 30. Rb4 Nb5 31. c4 Bf8 32. Ra4 Nd4 33. Bxd4 exd4 34. Rxe6 fxe6 35. b4 Rc8 36. Be4 Rc7 37. Kg2 Kf7 38. h5 Kf6 39. hxg6 hxg6 40. b5 cxb5 41. cxb5 b6 42. axb6 axb6 43. Bc6 Bc5 44. Kf3 Rh7 45. Ra2 Rh1 46. Ra7 Rd1 47. Ke2 Rb1 48. Be8 Rb2+ 49. Kf1 g5 50. Rf7+ Kg6 51. Rf3+ Kg7 52. Bd7 e5 53. Rf5 e4 54. dxe4 d3 55. Rxg5+ Kh6 56. Rd5 Rxf2+ 57. Ke1 Rf3 58. Bg4 Bb4+ 0-1

[Event "Mittelfrankenliga-B1 0607"]
[Site "Mittelfranken"]
[Date "2007.03.11"]
[Round "7.6"]
[White "Dittmar, Thomas"]
[Black "Dombrowsky, Michael"]
[Result "1/2-1/2"]
[WhiteElo "2003"]
[BlackElo "2040"]
[PlyCount "102"]
[EventDate "2006.10.22"]
[EventType "team-tourn"]
[EventRounds "9"]
[EventCountry "GER"]
[SourceTitle "EXT 2011"]
[Source "ChessBase"]
[SourceDate "2010.11.26"]
[SourceVersion "1"]
[SourceVersionDate "2010.11.26"]
[SourceQuality "1"]
[WhiteTeam "Fuerth SF"]
[BlackTeam "Nuernberg Sued SW II"]
[WhiteTeamCountry "GER"]
[BlackTeamCountry "GER"]

1. Nc3 d5 2. e4 e6 3. d4 dxe4 4. Nxe4 Bd7 5. Nf3 Bc6 6. Bd3 Nd7 7. c3 Be7 8. 0-0 Ngf6 9. Ng3 0-0 10. Re1 Re8 11. h4 Bxf3 12. Qxf3 c6 13. Bg5 Nf8 14. Rad1 Qd5 15. Qe2 Qxa2 16. c4 Qa5 17. Qf3 Qc7 18. h5 h6 19. Bf4 Bd6 20. Bxh6 N8h7 21. Bc1 Rad8 22. Nf1 c5 23. g4 cxd4 24. g5 Nd7 25. Bxh7+ Kxh7 26. Qxf7 Ne5 27. Qf4 Rf8 28. Qe4+ Kh8 29. b3 Nf3+ 30. Kg2 Nxe1+ 31. Rxe1 e5 32. Qh4 Be7 33. Nd2 d3 34. Ne4 Rd4 35. Be3 Rd7 36. Qh3 Qc6 37. f3 Bb4 38. Rd1 Rdf7 39. h6 g6 40. Nf6 Rxf6 41. gxf6 Qxf6 42. Rxd3 Kh7 43. Qg4 Rf7 44. Rd5 a6 45. Qe4 Bd6 46. Bd2 Bc7 47. Qg4 Qf5 48. Qe4 Qf6 49. Qg4 Qf5 50. Qe4 Qe6 51. Qd3 Qf5 1/2-1/2

[Event "Regionalliga NO 0405"]
[Site "Bayern"]
[Date "2004.12.12"]
[Round "4.4"]
[White "Sikorsky, Horst"]
[Black "Dombrowsky, Michael"]
[Result "1-0"]
[WhiteElo "2110"]
[BlackElo "2040"]
[PlyCount "81"]
[EventDate "2004.10.24"]
[EventType "team-tourn"]
[EventRounds "9"]
[EventCountry "GER"]
[SourceTitle "EXT 2007"]
[Source "ChessBase"]
[SourceDate "2006.11.23"]
[SourceVersion "1"]
[SourceVersionDate "2006.11.23"]
[SourceQuality "1"]
[WhiteTeam "Gunzenhausen"]
[BlackTeam "Nuernberg Sued SW II"]
[WhiteTeamCountry "GER"]
[BlackTeamCountry "GER"]

1. d4 e6 2. Nf3 d5 3. e3 c5 4. c3 Nc6 5. Bd3 Nf6 6. Nbd2 Bd6 7. 0-0 0-0 8. dxc5 Bxc5 9. e4 Bb6 10. Qe2 h6 11. e5 Nd7 12. Nb3 Bc7 13. Bf4 f5 14. h4 a5 15. a4 Nb6 16. g3 Qe7 17. Be3 Nd7 18. Bf4 b6 19. Nbd4 Bb7 20. Bb5 Ncb8 21. b4 Rc8 22. Qd2 Nf8 23. Rfe1 Bd8 24. Rab1 Nc6 25. Bxc6 Bxc6 26. Nxc6 Rxc6 27. Nd4 Rc4 28. Nxf5 Qc7 29. Nd6 Rc6 30. b5 Rxd6 31. exd6 Qf7 32. c4 Nd7 33. cxd5 exd5 34. Rbd1 Rc8 35. Qxd5 Qxd5 36. Rxd5 Rc4 37. Rc1 Rxc1+ 38. Bxc1 Kf7 39. Ba3 Ke6 40. Rd1 Bf6 41. Kg2 1-0

[Event "Nuremberg Zabo op 06th"]
[Site "Nuremberg"]
[Date "2004.09.26"]
[Round "5"]
[White "Dombrowsky, Michael"]
[Black "Herdin, Hans Ulrich"]
[Result "1-0"]
[WhiteElo "2040"]
[BlackElo "2055"]
[PlyCount "89"]
[EventDate "2004.09.24"]
[EventType "swiss"]
[EventRounds "5"]
[EventCountry "GER"]
[SourceTitle "EXT 2012"]
[Source "ChessBase"]
[SourceDate "2011.11.24"]
[SourceVersion "1"]
[SourceVersionDate "2011.11.24"]
[SourceQuality "1"]

1. e4 e6 2. d4 d5 3. e5 c5 4. c3 Nc6 5. Be3 Qb6 6. Qd2 cxd4 7. cxd4 Bd7 8. Nf3 Nge7 9. Nc3 Nf5 10. Be2 Be7 11. 0-0 f6 12. exf6 Bxf6 13. Rad1 Nxe3 14. fxe3 0-0 15. Kh1 Rae8 16. Bd3 Ne7 17. a3 Rf7 18. b4 Qd6 19. Qc2 g6 20. e4 Qb8 21. e5 Bg7 22. Rde1 Qc8 23. b5 Ref8 24. Qb3 b6 25. Qb4 Bh6 26. Rf2 Nf5 27. Nd1 Nh4 28. Rc2 Qd8 29. Be2 Nxf3 30. gxf3 Qh4 31. Rg1 Bf4 32. Rg2 Qh6 33. Nf2 Rc8 34. Rxc8+ Bxc8 35. Ng4 Qf8 36. Qc3 Qd8 37. Nf6+ Kg7 38. Rg4 Rc7 39. Qd3 Rc1+ 40. Kg2 Bh6 41. Nxh7 Qe8 42. Nf6 Qf7 43. h4 Kf8 44. a4 Bg7 45. Qa3+ 1-0

[Event "Nuremberg Zabo op 06th"]
[Site "Nuremberg"]
[Date "2004.09.25"]
[Round "3"]
[White "Dombrowsky, Michael"]
[Black "Wagner, Florian"]
[Result "1-0"]
[WhiteElo "2040"]
[BlackElo "1912"]
[PlyCount "109"]
[EventDate "2004.09.24"]
[EventType "swiss"]
[EventRounds "5"]
[EventCountry "GER"]
[SourceTitle "EXT 2012"]
[Source "ChessBase"]
[SourceDate "2011.11.24"]
[SourceVersion "1"]
[SourceVersionDate "2011.11.24"]
[SourceQuality "1"]

1. e4 c5 2. g3 g6 3. Bg2 Bg7 4. d3 Nc6 5. c3 d6 6. f4 e6 7. Be3 Nge7 8. Nf3 Rb8 9. d4 cxd4 10. cxd4 d5 11. e5 Nf5 12. Bf2 h5 13. h3 Bf8 14. 0-0 Qb6 15. b3 Bd7 16. Nc3 Ba3 17. Qd2 0-0 18. Rad1 Rbc8 19. Nb1 Bb4 20. Qb2 Na5 21. Rc1 Bb5 22. Rxc8 Rxc8 23. Rc1 Rxc1+ 24. Qxc1 Qc6 25. Qd1 b6 26. g4 Ng7 27. Nh4 hxg4 28. hxg4 Be7 29. Nf3 Kf8 30. Kh2 Ke8 31. Kh3 Nb7 32. Bh4 Kd7 33. Qd2 Bf8 34. Ng5 Nd8 35. Nh7 Be7 36. Bxe7 Kxe7 37. Qb4+ Kd7 38. Nf6+ Kc8 39. a4 Bd3 40. Na3 Qc1 41. Nb5 Qe3+ 42. Kh4 Nf5+ 43. Kg5 Bxb5 44. Qxb5 Qg3 45. Qd7+ Kb8 46. Qxd8+ Kb7 47. Qd7+ Kb8 48. Qe8+ Kb7 49. Qxf7+ Ka8 50. Bxd5+ exd5 51. Qxd5+ Kb8 52. Qd8+ Kb7 53. Qd7+ Ka6 54. Kxg6 Nh4+ 55. Kf7 1-0

[Event "Seebach op 14th"]
[Site "Grossenseebach"]
[Date "2003.06.19"]
[Round "2"]
[White "Dombrowsky, Michael"]
[Black "Naegelein, Franz Albert"]
[Result "1/2-1/2"]
[WhiteElo "1968"]
[BlackElo "1829"]
[PlyCount "162"]
[EventDate "2003.06.19"]
[EventType "swiss"]
[EventRounds "7"]
[EventCountry "GER"]
[SourceTitle "EXT 2018"]
[Source "ChessBase"]
[SourceDate "2017.10.13"]
[SourceVersion "1"]
[SourceVersionDate "2017.10.13"]
[SourceQuality "1"]

1. e4 e6 2. d4 d5 3. e5 c5 4. c3 Nc6 5. Be3 cxd4 6. cxd4 Qb6 7. Qd2 Nge7 8. Nc3 Nf5 9. Nf3 Be7 10. Bd3 Nxe3 11. fxe3 f5 12. exf6 Bxf6 13. 0-0 a6 14. Kh1 Qb4 15. Rad1 Bd7 16. Bb1 0-0-0 17. a3 Qa5 18. Qc1 Kb8 19. b4 Qc7 20. Qb2 Na7 21. a4 b5 22. e4 Be8 23. e5 Be7 24. Rc1 Qb7 25. Bd3 bxa4 26. Ra1 Bb5 27. Qe2 Bxd3 28. Qxd3 Bxb4 29. Rxa4 a5 30. Rb1 Rc8 31. Na2 Nc6 32. Rxa5 Bxa5 33. Rxb7+ Kxb7 34. h3 Bb6 35. Nc3 Kc7 36. Nb5+ Kd7 37. Qa3 Bc7 38. Nxc7 Kxc7 39. Qd6+ Kb7 40. Qxe6 Rhd8 41. Qg4 g6 42. Ng5 h5 43. Qd1 Ne7 44. Nf7 Rd7 45. Nd6+ Rxd6 46. exd6 Nf5 47. d7 Rd8 48. Qb3+ Kc6 49. Qa4+ Kb6 50. g4 Ng3+ 51. Kg2 h4 52. Qb4+ Kc7 53. Qc5+ Kxd7 54. Qxd5+ Kc7 55. Qe5+ Rd6 56. Qe7+ Kc6 57. Qxh4 Ne2 58. Qh8 Nxd4 59. h4 Ne6 60. Kf3 Kd5 61. g5 Nd4+ 62. Kg4 Nc6 63. Qa8 Ke6 64. Qg8+ Ke7 65. h5 Rd4+ 66. Kg3 gxh5 67. Qh7+ Ke6 68. Qg6+ Kd5 69. Qxh5 Ne5 70. Kf2 Rg4 71. Ke2 Ke6 72. Qh6+ Kd5 73. Qf6 Re4+ 74. Kf1 Rg4 75. Qf5 Kd6 76. Ke2 Kd5 77. Ke3 Rg3+ 78. Kf2 Rg4 79. Ke3 Rg1 80. Kf2 Rg4 81. Ke3 Kc6 1/2-1/2

[Event "Nuremberg-ch op 03rd"]
[Site "Nuremberg"]
[Date "2003.05.30"]
[Round "1"]
[White "Dombrowsky, Michael"]
[Black "Khenkine, Ilia"]
[Result "1-0"]
[WhiteElo "1977"]
[BlackElo "1377"]
[PlyCount "77"]
[EventDate "2003.05.30"]
[EventType "swiss"]
[EventRounds "5"]
[EventCountry "GER"]
[SourceTitle "EXT 2006"]
[Source "ChessBase"]
[SourceDate "2005.11.24"]
[SourceVersion "1"]
[SourceVersionDate "2005.11.24"]
[SourceQuality "1"]

1. e4 c5 2. f4 d5 3. Nc3 d4 4. Nce2 Nc6 5. d3 e5 6. g3 f5 7. Bg2 Nf6 8. exf5 Bxf5 9. Nf3 e4 10. Nh4 exd3 11. Nxf5 dxe2 12. Qxe2+ Be7 13. Nxg7+ Kf7 14. Ne6 Qd6 15. f5 Qe5 16. Qxe5 Nxe5 17. Bxb7 Rab8 18. Bg2 Nc4 19. b3 Ne3 20. Bxe3 dxe3 21. 0-0-0 Ng4 22. Rd7 a5 23. h3 Nf6 24. Ra7 Rhg8 25. g4 Rb6 26. Bf3 Rd6 27. Re1 Nd5 28. Bxd5 Rxd5 29. Rxe3 h5 30. Nf4 Rd6 31. Raxe7+ Kf8 32. Re8+ Kf7 33. R3e7+ Kf6 34. Nxh5+ Kg5 35. Rxg8+ Kh6 36. Re6+ Rxe6 37. fxe6 a4 38. Nf6 axb3 39. g5# 1-0

[Event "Regionalliga NO 0203"]
[Site "Bayern"]
[Date "2003.03.30"]
[Round "9.6"]
[White "Zoechling, Karlheinz"]
[Black "Dombrowsky, Michael"]
[Result "0-1"]
[WhiteElo "1899"]
[BlackElo "2066"]
[PlyCount "98"]
[EventDate "2002.10.20"]
[EventType "team-tourn"]
[EventRounds "9"]
[EventCountry "GER"]
[SourceTitle "EXT 2004"]
[Source "ChessBase"]
[SourceDate "2003.11.25"]
[SourceVersion "1"]
[SourceVersionDate "2003.11.25"]
[SourceQuality "1"]
[WhiteTeam "Regensburg Bavaria"]
[BlackTeam "Nuernberg Sued SW"]
[WhiteTeamCountry "GER"]
[BlackTeamCountry "GER"]

1. d4 e6 2. Nf3 d5 3. e3 Nf6 4. Bd3 c5 5. c3 Nc6 6. Nbd2 Be7 7. 0-0 0-0 8. dxc5 Bxc5 9. e4 a5 10. e5 Nd7 11. Nb3 Be7 12. Bf4 a4 13. Nbd4 Nxd4 14. cxd4 Re8 15. Rc1 Nf8 16. Qe2 Bd7 17. Rc2 Qb6 18. Rfc1 Rec8 19. h4 Rxc2 20. Rxc2 Rc8 21. Bg5 Rxc2 22. Bxc2 Bxg5 23. hxg5 Bb5 24. Qd2 Bc4 25. Bxa4 Bxa2 26. Qc3 Bc4 27. Qa3 Qa7 28. Bc2 Qxa3 29. bxa3 Nd7 30. Nd2 b5 31. Nxc4 dxc4 32. Kf1 Nb6 33. Ke2 g6 34. f4 Nd5 35. Kf3 Kf8 36. g3 Ke7 37. Be4 Kd7 38. Kf2 Nc3 39. Bc2 Kc6 40. Ke3 b4 41. axb4 Kb5 42. g4 Nd5+ 43. Ke4 Kxb4 44. f5 Kc3 45. fxe6 fxe6 46. Bd1 Kd2 47. Be2 Nc3+ 48. Kf3 Nxe2 49. d5 exd5 0-1

[Event "Regionalliga NO 0203"]
[Site "Bayern"]
[Date "2003.01.26"]
[Round "5.7"]
[White "Gerl, Hans Peter"]
[Black "Dombrowsky, Michael"]
[Result "1-0"]
[WhiteElo "1957"]
[BlackElo "2066"]
[PlyCount "97"]
[EventDate "2002.10.20"]
[EventType "team-tourn"]
[EventRounds "9"]
[EventCountry "GER"]
[SourceTitle "EXT 2004"]
[Source "ChessBase"]
[SourceDate "2003.11.25"]
[SourceVersion "1"]
[SourceVersionDate "2003.11.25"]
[SourceQuality "1"]
[WhiteTeam "Zirndorf II"]
[BlackTeam "Nuernberg Sued SW"]
[WhiteTeamCountry "GER"]
[BlackTeamCountry "GER"]

1. d4 e6 2. c4 d5 3. Nc3 Be7 4. Nf3 Nf6 5. Bg5 h6 6. Bh4 0-0 7. e3 b6 8. cxd5 exd5 9. Bd3 Bb7 10. 0-0 Nbd7 11. Rc1 c5 12. Bb1 c4 13. Qc2 Re8 14. Nd2 Rc8 15. f3 Nf8 16. Bf2 Qd7 17. e4 dxe4 18. fxe4 Ng4 19. Nf3 b5 20. h3 Nxf2 21. Qxf2 Bd8 22. a3 Bb6 23. Rcd1 a5 24. Rfe1 b4 25. Na2 Qa4 26. Bc2 Qb5 27. a4 Qd7 28. Nc1 b3 29. Bb1 Qxa4 30. Ne2 Qb4 31. Nc3 a4 32. e5 a3 33. Be4 Bxe4 34. Nxe4 axb2 35. Nd6 Ne6 36. Nh4 Rf8 37. Nhf5 Rc7 38. Qg3 Kh7 39. Kh2 Rg8 40. d5 Nc5 41. e6 fxe6 42. dxe6 Nd3 43. Rxd3 cxd3 44. e7 d2 45. Re6 Rxe7 46. Qg6+ Kh8 47. Qxh6+ gxh6 48. Rxh6+ Rh7 49. Nf7# 1-0